Carregant...

The Sacred Wood: essays on poetry and criticism

Dades bibliogràfiques
Autor principal: Eliot, T S
Format: Printed Book
Publicat: London, Methuen & Company Ltd 1960
Col·lecció:University Paper Backs
Matèries:
LEADER 005900000a22001930004500
022 |a 28-07-2004 
041 |a English 
082 |a 824.009 ELI/S K0 
100 |a Eliot, T S 
245 |a The Sacred Wood: essays on poetry and criticism 
260 |a London, Methuen & Company Ltd 
260 |c 1960 
490 |a University Paper Backs  |c 11 
650 |a Criticism 
650 |a English literature 
650 |a Prose 
942 |c BK 
999 |c 146021  |d 146017 
952 |0 0  |1 0  |4 0  |6 824_009000000000000_ELI_S_K0  |7 0  |9 144794  |a SCC  |b SCC  |d 2017-10-11  |l 0  |o 824.009 ELI/S K0  |p SCC01238  |r 2017-10-11  |w 2017-10-11  |y BK